000 03001nam a2200289 4500
001 0000010934
003 CO-CtgCURN
005 20250329165426.0
008 180709s2018 000 0 eng d
040 _aCO-CtgCURN
_bspa
_ccoctgcurn
082 0 _aDER 2018
_bG516
100 1 _aGiraldo Soto, Diego Alejandro.
245 1 0 _aRutas de atención para la protección integral y restablecimientos de los derechos de los menores infractores en contexto con el sistema de responsabilidad penal para adolescentes, en la ciudad de Cartagena de Indias, D. T. y C /
_cDiego Alejandro Giraldo Soto; Jean Carlos Jiménez Torres; Asesor Juan Carlos Cabarcas Muñiz.
260 _aCartagena de Indias :
_bCorporación Universitaria Rafael Nuñez,
_c2018.
300 _a152 h.
336 _2rdacontent
337 _2rdamedia
338 _2rdacarrier
504 _aTrabajo de grado (Derecho). Corporación Universitaria Rafael Nuñez. Facultad de Ciencias de Sociales y Humanas. Derecho, 2018.
520 _aLa modernización y la expansión de la sociedad hacen necesario un sistema jurídico más eficaz, rápido y conciso que agilicen la administración de justicia y generen conformidad para quienes lo utilizan, con el fin de garantizar el cumplimiento efectivo de los derechos de la población en general. La Ley 1098 de 2006 conocida como el Código de Infancia y Adolescencia establece los lineamientos, procedimientos, y planes estratégicos que se deben desarrollar cuando los niños, niñas y adolescente infringen la ley penal, estos tienen finalidad de salvaguardar la protección integral y el restablecimientos de los derechos constitucionales consagrado en la Constitución Política Nacional y en los tratados y convenios ratificados por Colombia en favor de la niñez, obedeciendo al principio de supremacía de los derechos de los menores. Los niños y niñas menores de 14 años de edad no son sujetos activo del derecho penal, a esto solo se le restablecen sus derechos a través de las actuaciones administrativa emanadas por las autoridades competentes a través de sanciones y amonestaciones que tienen un tratamiento pedagógico y protector. Caso contrario a los adolescentes mayores de 14 y menores de 18 años de edad, que son responsable de los hechos o actos que atente contra los bienes jurídicos tutelados por la ley penal, sino que también son civilmente responsable por los daños y perjuicios causados a sus víctimas.
650 0 _aDerecho
_vTesis y disertaciones academicas.
700 1 _aJiménez Torres, Jean Carlos.
700 1 _aCabarcas Muñiz, Juan Carlos,
_cAsesor.
856 _uhttps://unicurn.sharepoint.com/:b:/s/biblioteca/EQHz9nvr5-tFixsQO405UlMBwvtHHa4B9MTKo5yY7Wlppw?e=2Ypyrm
_zClick aqui para ver el recurso en texto completo
942 _2ddc
_cTG
_hDER 2018
_iG516
999 _c3571
_d3571